|
|
|
|
| LEADER |
00000nab a2200000 ar4500 |
| 001 |
vtls009950935 |
| 003 |
SK-MaSNL |
| 005 |
20260303204908.0 |
| 008 |
090917c2009 xo mr|p|||||||000 b|slo |
| 015 |
|
|
|a SNBRB2009/09
|2 snkbucl
|
| 040 |
|
|
|a SNKBUCL
|b slo
|c SNKBUCL
|e AACR2
|
| 041 |
0 |
|
|a slo
|
| 044 |
|
|
|a xo
|c SK
|
| 080 |
|
|
|a 327
|x (100)
|2 2001
|
| 080 |
|
|
|a 316.422
|2 2001
|
| 080 |
|
|
|a 005.44
|2 2001
|
| 080 |
|
|
|a 33
|x (100)
|2 2001
|
| 100 |
1 |
|
|a Michelko, Roman,
|d 1971-
|4 aut
|9 111219
|
| 245 |
1 |
0 |
|a Čo trh nevyrieši
|b Roman Michelko. Eseje o globalizácii
|
| 300 |
|
|
|b Obr.
|
| 500 |
|
|
|a (Dokončenie nabudúce)
|
| 650 |
0 |
7 |
|a svetová politika
|2 snkbucl
|9 3783
|
| 650 |
0 |
7 |
|a globalizácia
|2 snkbucl
|9 3615
|
| 650 |
0 |
7 |
|a svetová ekonomika
|2 snkbucl
|9 3976
|
| 655 |
|
7 |
|a eseje
|2 snkbucl
|9 57030
|
| 773 |
0 |
|
|t Extra plus
|g Roč. 9, august (2009), s. 24-25
|x 1336-0256
|
| 852 |
|
|
|a SNK
|b KIS3GCP
|
| 999 |
|
|
|c 2192467
|d 2194397
|